50 Questions Sur L'Allemagne - Statistiques

Statistiques générales
  • Ce quiz a été pris 85 fois
    50 depuis la dernière actualisation
  • Le résultat moyen est 21 sur 50
Statistiques - réponses
Indice Réponse % Correct
Capitale de L'Allemagne Berlin
98%
Rang Militaire de L'Allemagne Actuellement 19
80%
Date de la Chute du Mur de Berlin 1989
77%
Devise Monétaire Euro
77%
Prédécesseuse de L'actuel Chancelier Angela Merkel
75%
Groupe Ethnique Humilié et Exterminé de 1933 à 1945 Juif
70%
Dirigeant Nazi Ayant Dirigé L'Allemagne de 1934 à 1945 Adolf Hitler
66%
Allemagne Correspondant à La République Démocratique d'Allemagne Allemagne de L'est
64%
Allemagne en Allemand Deutschland
64%
Chef lieu de La Région de Bavière Munich
64%
Animal National de L'Allemagne Aigle
61%
Allemagne Correspondant à La République Fédérale d'Allemagne Allemagne de L'ouest
61%
Pays d'Europe entièrement Germanophone Autriche
61%
Pays que L'Allemagne Occupa de 1940 à 1944 France
61%
Ville Acceuillant le Siège de la Banque Centrale Européenne Francfort sur le Main
61%
Pays d'Europe Parlant Majoritairement Allemand Mais Qui Parle Français Italien et Romanche Suisse
61%
Date de L'unification Allemande 1990
59%
Date de La Mort d'Hitler 1945
57%
Ancêtre de L'Allemagne ayant battu La France en 1870 Prusse
55%
Ancienne Devise Monétaire Mark
52%
Camp de Concentration situé en Actuelle Pologne Auschwitz
48%
Ami Italien de Adolf Hitler Bénito Mussolini
48%
Auteurs Allemands Appelés Les Frères ----- Grimm
48%
Année ou celle ci a été Élue 2005
43%
L'Allemagne est Connue pour une Boisson Alcoolisée Laquelle ?? Bière
43%
Championnat de Football Bundesliga
43%
Territoire Français Annexé par L'Allemagne en 1870 Alsace
41%
Types de Restaurant Turques Très Présent a Berlin Kebab
41%
Actuel Chancelier Olaf Scholz
41%
Union dont L'Allemagne fait partie Union Européenne
36%
Le Landër de Berlin est Enclavé dans le Landër de_________ Brandebourg
34%
Système Autoroutier Allemand Autobahn
32%
Ville dans se Déroule Le Manga Monster Cologne
32%
Empire Ayant Existé de 962 à 1806 Saint Empire Romain Germanique
27%
Pays d'Afrique Colonisé par L'empire Allemand ensuite Cédé au Royaume-Uni puis à L'Afrique du Sud Namibie
25%
Porte situé à Berlin du même nom que le Landër enclavant le Landër de Berlin Porte de Brandebourg
25%
Homme Ayant tué Hitler Lui Même
23%
Date de Fondation de L'empire Allemand 1871
18%
Nom du Plan d'extermination de Cette Ethnie Holocauste
16%
Principale Ethnie située sur le Territoire Allemand Turque
14%
Premier Chancelier depuis la Réunification Allemande Helmut Kohl
11%
Landër Allemand Frontalier du Danemark Schleswig Holstein
11%
Parti de Adolf Hitler NSDAP
9%
Cathédrale Gigantesque située dans Une Ville de L'ouest de L'Allemagne Cathédrale de Cologne
7%
Confédération crée en 1806 Soumise à Napoléon Ier Confédération du Rhin
7%
Conférence ayant eu lieu à Berlin en 1885 Qui avait pour But de Partager L'Afrique entre les Puissances Coloniales Conférence de Berlin
7%
Criminel des Années 90 Surnomé Dagobert/Picsou Arno Funke
2%
Président Actuel Frank Walter Steinemer
2%
Château Emblématique situé en Bavière Château de Neuschwastein
0%
Tour Emblématique de Berlin Fernesehturm de Berlin
0%
Aucun quiz correspondant
Distribution des résultats
% des personnes avec chaque résultat
Percentile par nombre de réponses
Votre historique - résultats
Vous n’avez pas pris ce quiz depuis la dernière actualisation